| 000 | 01921cam a22004454i 4500 | ||
|---|---|---|---|
| 003 | PE-LiUPU | ||
| 005 | 20250731175616.0 | ||
| 008 | 150720s2006 sp a rb 000 0 spa d | ||
| 020 | _a8484566536 | ||
| 035 | _a(Sirsi) i9788484566533 | ||
| 040 |
_aDLC _cDLC _dPE-LiUPU _erda |
||
| 049 | _aPRUA | ||
| 082 | 0 | 4 |
_a465 _bL45 _223 |
| 100 | 1 |
_aAleza Izquierdo, Milagros, _eautor. |
|
| 245 | 1 | 0 |
_aLengua española para los medios de comunicación : _busos y normas actuales / _cMilagros Aleza Izquierdo, coordinadora ; María Estornell Pons [y otros siete]. |
| 264 | 1 |
_aValencia : _bTirant lo Blanch, _c2006. |
|
| 300 |
_a452 páginas : _bilustraciones ; _c24 centímetros. |
||
| 336 |
_atext _2rdacontent |
||
| 337 |
_aunmediated _2rdamedia |
||
| 338 |
_avolume _2rdacarrier |
||
| 490 | 0 | _aProsopopeya | |
| 504 | _aIncluye referencias biblográficas. | ||
| 505 | 0 | _aLengua estándar y variedades de la lengua española -- Cuestiones gramaticales y desviaciones frecuentes -- Normalización y orto tipografía en español -- Voces de origen extranjero -- Peculiaridades léxicas de la lengua española en América. | |
| 526 | _aP145 | ||
| 526 | _aP127 | ||
| 526 | _aP97 | ||
| 526 | _aP35 | ||
| 526 | _aP14 | ||
| 526 | _aP07 | ||
| 650 | 7 |
_aLengua española. _2embne |
|
| 650 | 7 |
_aMedios de comunicación social y lenguaje. _2embne _93086 |
|
| 700 | 1 |
_aEstornell Pons, María, _ecoordinador. |
|
| 910 |
_cng _d20140610 |
||
| 942 |
_2ddc _cBOOK |
||
| 949 |
_a465 L45 _wDEWEY _c1 _i70017 _lCCODEBUL1 _mBUL _p60.00 _r0 _sY _tBOOK _u2015-7-20 _xEDUCACION _PP07 _0COMPRA _o.STAFF. Colección General |
||
| 994 |
_aC0 _bPEPRU |
||
| 596 | _a1 | ||
| 999 |
_a465 L45 _wDEWEY _c6298 _i70017 _d6298 _e2022-5-23 _f2021-11-8 _g5 _lCCODEBUL1 _mBUL _n5 _p60.00 _q2 _r0 _sY _tBOOK _u2015-7-20 _xEDUCACION _PP07 _0COMPRA _o.STAFF. Colección General |
||
| 980 |
_81 _gALBERTO SANCHEZ Responsable de Automatización |
||